000
00273nam a22000977a 4500
008
151104b xxu||||| |||| 00| 0 eng d
082
_a
323.32 SHI
100
_a
SHIVJI, ISSA
245
_a
CLASS STRUGGLES IN TANZANIA
260
_a
DAR ES SALAAM:
_b
TANZANIA PUBLISHING HOUSE,
_c
1975.
999
_c
3913
_d
3913